000 00555nam a22001937a 4500
999 _c17124
_d17124
003 AR-CdUCM
008 190507b ||||| |||| 00| 0 spa d
040 _aMUNICIPALIDAD PROVINCIAL DEL CUSCO
_cBIBLIOTECA MUNICIPAL DEL CUSCO
082 _a869.85 /
_bY95
100 _aYunque, Alvaro
_915631
245 _aPoemas gringos /
260 _aBuenos Aires :
_bClaridad,
_c1932.
300 _a32 páginas ;
_c19 cm.
500 _ael segundo ejemplar está mutilado.
505 _aPoesía.
650 _aPoesía.
_9139
942 _2ddc
_cLIBROS
945 _awfj